Stanovenie hodnoty I stanovenie hodnoty podniku

Salvato in:
Dettagli Bibliografici
Autore principale: Harumová, Anna, 1955-
Altri autori: Hyránek, Eduard, 1955-, Kačúr, Marián, Londák, Ján
Natura: Libro
Lingua:slovacco
Pubblicazione: Lewes Ecoletra.com 2016
Edizione:1. vyd.
Soggetti:
Tags: Aggiungi Tag
Nessun Tag, puoi essere il primo ad aggiungerne!!

MARC

LEADER 00000nlm a2200000 4500
001 0226193
005 20240502083605.0
020 |a 978-1-63535-596-3 
041 0 |a slo 
044 |a US 
245 1 0 |a Stanovenie hodnoty I  |b stanovenie hodnoty podniku  |c Anna Harumová ; recenzenti: Eduard Hyránek, Marián Kačúr, Ján Londák 
250 |a 1. vyd. 
264 1 |a Lewes  |b Ecoletra.com  |c 2016 
300 |a online [477 s., 23,9 AH] 
610 2 0 |a hodnota 
610 2 0 |a hodnota podniku 
610 2 0 |a hodnota trhová 
610 2 0 |a ohodnocovanie podniku 
610 2 0 |a ceny 
610 2 0 |a závierka účtovná 
610 2 0 |a inventarizácia 
610 2 0 |a odhad hodnoty 
610 2 0 |a odhady 
610 2 0 |a analýza finančná 
610 2 0 |a ukazovatele finančné 
610 2 0 |a plán finančný 
610 2 0 |a dane odložené 
610 2 0 |a modely 
100 1 |a Harumová, Anna, 1955- 
700 1 |a Hyránek, Eduard, 1955- 
700 1 |a Kačúr, Marián 
700 1 |a Londák, Ján